Broadway Musical Songwriters - Statistics

General Stats
  • This quiz has been taken 14 times
  • The average score is 14 of 27
Answer Stats
Hint Answer % Correct
Rent, Tick... Tick... Boom! Jonathan Larson
85%
Hamilton, In the Heights Lin-Manuel Miranda
85%
Godspell, Pippin, Wicked Stephen Schwartz
85%
Into the Woods, Company, Sweeney Todd Stephen Sondheim
85%
Jesus Christ Superstar, Evita, Joseph & The Amazing Technicolor Dreamcoat Andrew Lloyd Webber & Tim Rice
69%
Dear Evan Hansen, A Christmas Story: The Musical Benj Pasek & Justin Paul
69%
Les Miserables, Miss Saigon, The Pirate Queen
Alain Boublil & Claude-Michel Schönberg
69%
The Last Five Years, Parade, The Bridges of Madison County Jason Robert Brown
69%
Anything Goes, Kiss Me, Kate, Can-Can Cole Porter
62%
Oklahoma!, South Pacific, Cinderella Richard Rodgers & Oscar Hammerstein II
62%
Camelot, Brigadoon, My Fair Lady Alan Jay Lerner & Frederick Lowe
54%
Cabaret, Chicago,The Scottsboro Boys John Kander & Fred Ebb
54%
On the Town, Wonderful Town Leonard Bernstein, Betty Comden & Adolph Green
54%
The Music Man, The Unsinkable Molly Brown Meredith Wilson
54%
Floyd Collins, The Light in the Piazza, Days of Wine and Roses Adam Guettel
46%
Annie Get Your Gun, Call Me Madam, As Thousands Cheer Irving Berlin
46%
Ragtime, Seussical, Once On This Island Lynn Ahrens & Stephen Flaherty
46%
Of Thee I Sing, Strike Up the Band, Girl Crazy George & Ira Gershwin
38%
Fun Home Jeanine Tesori & Lisa Kron
38%
Pal Joey, Babes in Arms, On Your Toes Richard Rodgers & Lorenz Hart
38%
Do I Hear a Waltz? Richard Rodgers & Stephen Sondheim
38%
The Full Monty, The Band's Visit, Dead Outlaw David Yazbek
31%
Guys and Dolls, The Most Happy Fella, How to Succeed in Business... Frank Loesser
31%
Fiddler on the Roof, She Loves Me, Fiorello! Jerry Bock & Sheldon Harnick
31%
Hello, Dolly!, Mame, La Cage Aux Folles Jerry Herman
31%
Caroline, or Change Jeanine Tesori & Tony Kushner
8%
Next to Normal, If/Then Tom Kitt & Brian Yorkey
8%
No matching quizzes found
Score Distribution
Percent of People with Each Score
Percentile by Number Answered
Your Score History
You have not taken this quiz